Pioneers of science (Record no. 6829)
[ view plain ]
| 000 -LEADER | |
|---|---|
| fixed length control field | 00540nam a2200181Ia 4500 |
| 003 - CONTROL NUMBER IDENTIFIER | |
| control field | IN-BaIIA |
| 008 - FIXED-LENGTH DATA ELEMENTS--GENERAL INFORMATION | |
| fixed length control field | 211028s9999 xx 000 0 eng d |
| 020 ## - INTERNATIONAL STANDARD BOOK NUMBER | |
| International Standard Book Number | 0-85498-036-9 |
| 040 ## - CATALOGING SOURCE | |
| Transcribing agency | IIA Library |
| 080 ## - UNIVERSAL DECIMAL CLASSIFICATION NUMBER | |
| Universal Decimal Classification number | 92:53 |
| Item number | WEB |
| 100 ## - MAIN ENTRY--PERSONAL NAME | |
| Personal name | Weber, R. L |
| 9 (RLIN) | 11708 |
| 245 #0 - TITLE STATEMENT | |
| Title | Pioneers of science |
| Remainder of title | nobel prize winners in physics |
| Statement of responsibility, etc. | R. L. Weber |
| 260 ## - PUBLICATION, DISTRIBUTION, ETC. | |
| Place of publication, distribution, etc. | Briston |
| Name of publisher, distributor, etc. | The Institute of Physics |
| Date of publication, distribution, etc. | 1980 |
| 300 ## - PHYSICAL DESCRIPTION | |
| Extent | vii, 272p. |
| 650 ## - SUBJECT ADDED ENTRY--TOPICAL TERM | |
| Topical term or geographic name entry element | NASA thesaurus |
| 650 ## - SUBJECT ADDED ENTRY--TOPICAL TERM | |
| Topical term or geographic name entry element | Science |
| 9 (RLIN) | 1299 |
| 942 ## - ADDED ENTRY ELEMENTS (KOHA) | |
| Koha item type | Books |
| Withdrawn status | Lost status | Damaged status | Not for loan | Home library | Current library | Shelving location | Date acquired | Total Checkouts | Full call number | Barcode | Date last seen | Price effective from | Koha item type |
|---|---|---|---|---|---|---|---|---|---|---|---|---|---|
| IIA Library-Bangalore | IIA Library-Bangalore | General Stacks | 31/08/1981 | 92:53/ WEB | 7591 | 05/11/2021 | 31/08/1981 | Books |